[Event "WYg18"]
[Site "Heraklio GRE"]
[Date "2002.11.23"]
[Round "10"]
[White "Kalvyte,V"]
[Black "Helm,L"]
[Result "1/2-1/2"]
[WhiteElo "1998"]
[BlackElo "2235"]
[EventDate "2002.11.15"]

1. e4 c5 2. Nf3 Nc6 3. d4 cxd4 4. Nxd4 Qc7 5. Nc3 e6 6. Be3 a6 7. Be2 Nf6
8. O-O Be7 9. a4 O-O 10. Kh1 d6 11. f4 Re8 12. Qe1 Nxd4 13. Bxd4 e5 14. Be3
exf4 15. Bxf4 Be6 16. Qg3 Nd7 17. Bd3 Ne5 18. Rae1 Bf8 19. Nd1 Rac8 20. Ne3
Qc5 21. Bxe5 Qxe5 22. Qxe5 dxe5 23. c4 Bc5 24. Nd5 Bd4 25. Re2 Bxd5 26.
cxd5 Rc5 27. b3 Rec8 28. g3 f6 29. Rd1 Kf7 30. Kg2 Ke7 31. Rdd2 Rc3 32. Rc2
Kd6 33. Bc4 Kc5 34. Rxc3 Bxc3 35. Rc2 Kb4 36. d6 Rd8 37. Bd5 Rxd6 38. Kf3
Rd7 39. g4 h6 40. h3 Rc7 1/2-1/2

[Event "WYg18"]
[Site "Heraklio GRE"]
[Date "2002.11.23"]
[Round "10"]
[White "Igla,B"]
[Black "Kopinits,A"]
[Result "1/2-1/2"]
[WhiteElo "2160"]
[BlackElo "2125"]
[EventDate "2002.11.15"]

1. d4 Nf6 2. c4 c5 3. d5 b5 4. cxb5 a6 5. b6 d6 6. Nc3 Nbd7 7. e4 g6 8. Nf3
Bg7 9. Be2 O-O 10. O-O Nxb6 11. a4 a5 12. Qc2 Ba6 13. Nb5 Ne8 14. Bd2 Nc8
15. Bc3 Na7 16. Ra3 Qd7 17. Nxa7 Bxe2 18. Qxe2 Qxa7 19. Bxg7 Kxg7 20. Nd2
Nf6 21. Nc4 Qa6 22. f4 Rab8 23. Raf3 Rb4 24. b3 Rfb8 25. Qc2 Nd7 26. e5 Nb6
27. exd6 Nxc4 28. bxc4 Qxc4 29. Qxc4 Rxc4 30. dxe7 Re8 31. Re1 Rd4 32. f5
f6 33. fxg6 hxg6 34. Re6 Rxd5 35. Rfxf6 g5 36. Rf3 c4 37. Re4 Rd1+ 38. Kf2
Ra1 39. Rf5 Rxa4 40. Rxg5+ Kf6 41. Rg3 Ra2+ 42. Ke1 Kf5 43. Ree3 c3 44.
Rgf3+ Kg6 45. Kd1 Rd2+ 46. Kc1 Rd7 47. Re6+ Kg7 48. Rfe3 Kf7 49. R6e4 Rd6
50. Rf3+ Rf6 51. Rxf6+ Kxf6 52. Kc2 Kf7 53. Kxc3 Rc8+ 54. Kb3 Ke8 55. Re2
Rc5 56. h3 Rf5 57. Re3 Rf4 58. g3 a4+ 59. Ka3 Rd4 60. g4 Rf4 61. g5 Rh4 62.
g6 Rh6 63. Re6 Rxh3+ 64. Kxa4 Rc3 65. Kb4 Rc1 66. Kb5 Rc2 67. Re5 Rg2 68.
Re3 Rc2 69. Kb6 Rc1 70. Re4 1/2-1/2

[Event "WYg18"]
[Site "Heraklio GRE"]
[Date "2002.11.24"]
[Round "11"]
[White "Meshcheriakova,E"]
[Black "Paehtz,E"]
[Result "1/2-1/2"]
[WhiteElo "2288"]
[BlackElo "2349"]
[EventDate "2002.11.15"]

1. e4 g6 2. d4 Bg7 3. Nf3 d6 4. Bd3 Nf6 5. c3 O-O 6. O-O Nc6 7. Na3 e5 8.
Nc2 Nh5 9. Re1 Bg4 10. dxe5 dxe5 11. h3 Be6 12. Ne3 h6 13. b3 Nf4 14. Bf1
Re8 15. Ba3 Qf6 16. Ng4 Bxg4 17. hxg4 Rad8 18. Qc2 Bf8 19. Bxf8 Rxf8 20.
Rad1 Qe6 21. Nh2 Qe7 22. b4 Kg7 23. Rxd8 Nxd8 24. Rd1 Nc6 25. Bb5 Nb8 26.
Nf3 c6 27. Bc4 Nd7 28. g3 Nh3+ 1/2-1/2

[Event "WYg18"]
[Site "Heraklio GRE"]
[Date "2002.11.24"]
[Round "11"]
[White "Stiri,A"]
[Black "Khukhashvili,S"]
[Result "1/2-1/2"]
[WhiteElo "2170"]
[BlackElo "2324"]
[EventDate "2002.11.15"]

1. e4 c5 2. Nf3 a6 3. c3 Nf6 4. Bd3 g6 5. Bc2 Bg7 6. d4 cxd4 7. cxd4 d6 8.
O-O O-O 9. Nc3 Nc6 10. h3 e5 11. dxe5 dxe5 12. Be3 Be6 13. Bb3 Qxd1 14.
Raxd1 Bxb3 15. axb3 b5 16. Bc5 Rfd8 17. Rfe1 Rxd1 18. Rxd1 b4 19. Nd5 Nxe4
20. Nxb4 Na5 21. Nxa6 Nxb3 22. Ba3 h6 23. Nb4 Rc8 24. Re1 Nbd2 25. Nxd2
Nxd2 26. Nd5 Rc2 27. Ne3 Rc6 28. Nd5 Rc4 29. b4 Rd4 30. Ne7+ Kh7 31. Nc6
Rd5 32. Bb2 Nc4 1/2-1/2

[Event "WYg18"]
[Site "Heraklio GRE"]
[Date "2002.11.24"]
[Round "11"]
[White "Priya,P"]
[Black "Vasilevich,I"]
[Result "0-1"]
[WhiteElo "2106"]
[BlackElo "2251"]
[EventDate "2002.11.15"]

1. e4 c5 2. c3 d5 3. exd5 Qxd5 4. d4 e6 5. Nf3 Nc6 6. Be2 Nf6 7. O-O Be7 8.
h3 O-O 9. Be3 cxd4 10. cxd4 b6 11. Nc3 Qd6 12. Qc1 Bb7 13. Rd1 Rac8 14. Bf4
Qd8 15. Bg5 Nb4 16. Ne5 h6 17. Bh4 Ne4 18. Bxe7 Qxe7 19. a3 Qh4 20. Rf1 Nd5
21. Nc4 Nexc3 22. bxc3 Nf4 23. Bg4 Bxg2 24. Qxf4 Bxf1 25. Nd6 Bxh3 26. Nxc8
Rxc8 27. f3 h5 28. Rc1 hxg4 29. c4 Qh5 30. Rc3 gxf3 31. Rxf3 Qg4+ 0-1

[Event "WYg18"]
[Site "Heraklio GRE"]
[Date "2002.11.24"]
[Round "11"]
[White "Kopinits,A"]
[Black "Reyes Jara,Pau"]
[Result "1-0"]
[WhiteElo "2125"]
[BlackElo "2181"]
[EventDate "2002.11.15"]

1. e4 c5 2. Nf3 d6 3. d4 cxd4 4. Nxd4 Nf6 5. Nc3 a6 6. f4 e6 7. Be2 Be7 8.
Be3 Qc7 9. O-O O-O 10. Bf3 Nbd7 11. Kh1 Nb6 12. g4 Nc4 13. Bc1 Rd8 14. g5
Ne8 15. Bg2 Bf8 16. Rf3 f5 17. b3 Nb6 18. exf5 exf5 19. Re3 Qf7 20. a4 Nc7
21. Nde2 Kh8 22. a5 Nd7 23. Nd5 Nxd5 24. Bxd5 Qh5 25. Qd4 Nb8 26. Ng3 Qg6
27. h4 h5 28. Qb6 Re8 29. Bb2 Nd7 30. Qd4 Rxe3 31. Qxe3 Rb8 32. Re1 b5 33.
Kh2 Nc5 34. Qe8 1-0

[Event "WYg16"]
[Site "Heraklio GRE"]
[Date "2002.11.15"]
[Round "1"]
[White "Rogule,A"]
[Black "Dzagnidze,N"]
[Result "0-1"]
[WhiteElo "2059"]
[BlackElo "2309"]
[EventDate "2002.11.15"]

1. d4 Nf6 2. c4 e6 3. Nc3 Bb4 4. Qc2 c5 5. Nf3 O-O 6. a3 Bxc3+ 7. bxc3 Nc6
8. e4 d6 9. Be2 cxd4 10. cxd4 e5 11. d5 Nb8 12. O-O b6 13. Bg5 Nbd7 14. Nd2
h6 15. Bh4 g5 16. Bg3 Nc5 17. f3 Nh5 18. Bf2 Nf4 19. Bd1 Qc7 20. Nb3 Nxb3
21. Qxb3 Ba6 22. Rc1 Rfc8 23. g3 Nh3+ 24. Kg2 Nxf2 25. Rxf2 Bxc4 26. Qb4 a5
27. Qb2 Bf1+ 28. Rxf1 Qxc1 29. Qxb6 Qxa3 30. Qb7 Qc5 31. Qe7 Kg7 32. Qd7
Rc7 33. Qf5 Qb5 34. h4 Qd7 35. hxg5 Qxf5 36. gxh6+ Kxh6 37. exf5 a4 0-1

[Event "WYg16"]
[Site "Heraklio GRE"]
[Date "2002.11.15"]
[Round "1"]
[White "Huang Qian"]
[Black "Lip,C"]
[Result "1/2-1/2"]
[WhiteElo "2305"]
[BlackElo "2056"]
[EventDate "2002.11.15"]

1. d4 d5 2. Nf3 Nf6 3. c4 e6 4. Nc3 Be7 5. e3 O-O 6. b3 c5 7. Bb2 Nc6 8.
Bd3 b6 9. O-O Bb7 10. Rc1 Nb4 11. Be2 Rc8 12. a3 Nc6 13. cxd5 Nxd5 14. dxc5
Nxc3 15. Rxc3 Bxc5 16. Rd3 Qe8 17. Qa1 f6 18. b4 Be7 19. Rd2 e5 20. Rfd1
Rd8 21. Qa2+ Kh8 22. Qe6 Rxd2 23. Rxd2 Qc8 24. Qb3 Rd8 25. Rc2 Qd7 26. h3
Qe8 27. Nh4 Bd6 28. Rd2 Ne7 29. Rd1 Bb8 30. Rxd8 Qxd8 31. Nf3 Bd5 32. Qc2
e4 33. Nd2 Qd6 34. g3 Qe6 35. Kg2 Bb7 36. Qc4 Bd5 37. Qc2 Bb7 38. Qc4 Bd5
39. Qc2 1/2-1/2

[Event "WYg16"]
[Site "Heraklio GRE"]
[Date "2002.11.15"]
[Round "1"]
[White "Szczepkowska,K"]
[Black "Melia,S"]
[Result "1/2-1/2"]
[WhiteElo "2051"]
[BlackElo "2264"]
[EventDate "2002.11.15"]

1. e4 e5 2. Nc3 Nf6 3. f4 d5 4. fxe5 Nxe4 5. Nf3 Be7 6. d4 O-O 7. Bd3 f5 8.
exf6 Bxf6 9. O-O Nc6 10. Nxe4 dxe4 11. Bxe4 Nxd4 12. c3 Nxf3+ 13. Bxf3 c6
14. Qb3+ Kh8 15. Be3 Qe7 16. Rae1 Be6 17. Qa4 Qf7 18. a3 a6 19. Bb6 Rae8
20. Qd1 Qd7 1/2-1/2

[Event "WYg16"]
[Site "Heraklio GRE"]
[Date "2002.11.15"]
[Round "1"]
[White "Zdebskaja,N"]
[Black "Schoene,M"]
[Result "1-0"]
[WhiteElo "2260"]
[BlackElo "2043"]
[EventDate "2002.11.15"]

1. e4 c5 2. Nf3 d6 3. d4 cxd4 4. Nxd4 Nf6 5. Nc3 g6 6. g3 Bg7 7. Bg2 O-O 8.
O-O Nbd7 9. a4 Nc5 10. h3 Ne8 11. Be3 a6 12. a5 e5 13. Nde2 Nf6 14. g4 Rb8
15. Qd2 Qe7 16. Rad1 Ne8 17. Nd5 Qe6 18. b4 Nd7 19. f4 f6 20. f5 Qf7 21.
Qc3 g5 22. Nc7 Kh8 23. Nxe8 Rxe8 24. Rxd6 Bf8 25. Rd5 b6 26. Rfd1 bxa5 27.
bxa5 h5 28. Qd3 Rb7 29. Nc3 Rc7 30. Na4 hxg4 31. hxg4 Kg8 32. c4 Bb4 33. c5
Qe7 34. Qb3 1-0

[Event "WYg16"]
[Site "Heraklio GRE"]
[Date "2002.11.15"]
[Round "1"]
[White "Ergasheeva,S"]
[Black "Fominykh,M"]
[Result "0-1"]
[WhiteElo "2007"]
[BlackElo "2240"]
[EventDate "2002.11.15"]

1. d4 d6 2. c4 e5 3. Nc3 exd4 4. Qxd4 Nf6 5. Nf3 Nc6 6. Qd2 g6 7. g3 Bg7 8.
Bg2 O-O 9. O-O Re8 10. Rd1 Bf5 11. Nh4 Bg4 12. Bf1 Qc8 13. Ng2 Bh3 14. f3
Ne7 15. b3 Nf5 16. e4 Nd4 17. Qf2 Nxf3+ 18. Qxf3 Bg4 19. Qd3 Bxd1 20. Nxd1
Nxe4 21. Bb2 Bxb2 22. Nxb2 Qf5 23. Nd1 Qc5+ 24. Qe3 Qe5 25. Rc1 Qa5 26. Nc3
Ng5 27. b4 Qf5 28. g4 Qxg4 29. Qg3 Qd4+ 30. Kh1 Ne4 31. Nxe4 Rxe4 32. Bd3
Re5 33. Rf1 Rae8 34. Qf3 R8e7 35. a3 c6 36. Qg3 Qb2 37. Bb1 Qd2 38. Nh4 Re1
39. Bd3 R7e3 40. Qg2 Qxg2+ 41. Kxg2 Rxd3 42. Rf3 Rd4 43. Kh3 Rxc4 44. Rg3
Re5 0-1

[Event "WYg16"]
[Site "Heraklio GRE"]
[Date "2002.11.15"]
[Round "1"]
[White "Batsiashvili,N"]
[Black "Maupin,V"]
[Result "1-0"]
[WhiteElo "2236"]
[BlackElo "2004"]
[EventDate "2002.11.15"]

1. d4 d5 2. c4 e6 3. Nc3 Nf6 4. Nf3 c6 5. Bg5 Nbd7 6. cxd5 exd5 7. e3 Be7
8. Bd3 O-O 9. O-O Re8 10. Qc2 h6 11. Bf4 Nh5 12. Nxd5 Nxf4 13. Nxf4 Bd6 14.
Nh5 Nb6 15. h3 Nd5 16. a3 Be6 17. e4 Ne7 18. Rad1 Rc8 19. Qe2 Qa5 20. e5
Bb8 21. Nh4 Red8 22. Nf4 Bd7 23. Qe4 Be8 24. Qh7+ Kf8 25. Qh8+ Ng8 26. Bh7
1-0

[Event "WYg16"]
[Site "Heraklio GRE"]
[Date "2002.11.15"]
[Round "1"]
[White "Ziogaite,J"]
[Black "Worek,J"]
[Result "0-1"]
[WhiteElo "1981"]
[BlackElo "2230"]
[EventDate "2002.11.15"]

1. e4 c5 2. g3 g6 3. Bg2 Bg7 4. f4 e6 5. d3 Ne7 6. Nf3 Nbc6 7. c3 O-O 8.
Be3 b6 9. O-O Bb7 10. Na3 d6 11. d4 cxd4 12. Nxd4 Nxd4 13. Bxd4 e5 14. Be3
exf4 15. gxf4 Re8 16. Nb5 d5 17. Bh3 a6 18. Na3 dxe4 19. Qxd8 Raxd8 20.
Bxb6 Rd3 21. Bg2 Nd5 22. Ba7 f5 23. Nc4 Ra8 24. Bb6 Rc8 25. Nd6 Rc6 26.
Nxb7 Rxb6 27. Nc5 Rd2 28. Na4 Rd6 29. Rae1 Bh6 30. Rf2 Nxf4 31. Bf1 Bg5 32.
Rc1 Rxf2 33. Kxf2 Nh3+ 34. Bxh3 Bxc1 35. c4 Bxb2 36. Ke2 Bd4 0-1

[Event "WYg16"]
[Site "Heraklio GRE"]
[Date "2002.11.16"]
[Round "2"]
[White "Batchimeg,T"]
[Black "Zawadzka,J"]
[Result "0-1"]
[WhiteElo "2140"]
[BlackElo "2310"]
[EventDate "2002.11.15"]

1. d4 Nf6 2. Nc3 d5 3. Bg5 Nbd7 4. Nf3 g6 5. Ne5 Bg7 6. Nxd7 Qxd7 7. g3 b6
8. Bg2 Bb7 9. O-O O-O 10. Bxf6 exf6 11. e3 f5 12. Ne2 Ba6 13. Re1 Rad8 14.
Nf4 c6 15. c3 Rfe8 16. Qa4 Bb5 17. Qc2 Bh6 18. Nd3 Bxd3 19. Qxd3 Qe6 20.
Red1 Rd6 21. Rac1 Bg7 22. b4 b5 23. a4 a6 24. Ra1 g5 25. Bh3 g4 26. Bg2 Qg6
27. h4 gxh3 28. Bxh3 Re4 29. Kg2 Bh6 30. Kf1 Qh5 31. Bg2 Rf6 32. Qe2 Qh2
33. Bxe4 fxe4 34. Ke1 Rf3 35. axb5 axb5 36. Ra8+ Kg7 37. Raa1 Bg5 38. Rdb1
h5 39. Rd1 h4 40. gxh4 Bxh4 41. Ra2 Qg1+ 42. Kd2 Qxf2 43. Raa1 Rxe3 44.
Qxf2 Bxf2 45. Rf1 Rd3+ 46. Kc2 Be3 47. Ra7 Rd2+ 48. Kb3 Bf2 49. Re7 e3 50.
Re5 f6 51. Re7+ Kg6 52. Ka3 f5 53. Re6+ Kg5 54. Re8 Kf4 55. Re5 Kg4 56. Re6
Kf3 57. Re5 f4 58. Ra1 e2 0-1

[Event "WYg16"]
[Site "Heraklio GRE"]
[Date "2002.11.16"]
[Round "2"]
[White "Kovanova,B"]
[Black "Zdebskaja,N"]
[Result "1/2-1/2"]
[WhiteElo "2136"]
[BlackElo "2260"]
[EventDate "2002.11.15"]

1. f4 d5 2. Nf3 c5 3. g3 Nf6 4. Bg2 g6 5. d3 Bg7 6. O-O O-O 7. Nc3 d4 8.
Ne4 Qc7 9. Nxf6+ Bxf6 10. Qe1 Nc6 11. a3 Be6 12. Ng5 Bxg5 13. fxg5 Qd7 14.
e4 dxe3 15. Bxe3 Nd4 16. Qf2 Rad8 17. Rae1 b6 18. Bxd4 Qxd4 19. Qxd4 Rxd4
20. Rf4 Rfd8 21. Ree4 Rxe4 22. Rxe4 Rd7 23. Kf2 Kg7 1/2-1/2

[Event "WYg16"]
[Site "Heraklio GRE"]
[Date "2002.11.16"]
[Round "2"]
[White "Fominykh,M"]
[Black "Ismailova,A"]
[Result "1/2-1/2"]
[WhiteElo "2240"]
[BlackElo "2133"]
[EventDate "2002.11.15"]

1. d4 d5 2. c4 dxc4 3. e3 e6 4. Bxc4 a6 5. Nc3 Nf6 6. Nf3 c5 7. O-O b5 8.
Bd3 Bb7 9. a3 Nbd7 10. Qe2 Bd6 11. Rd1 Qb6 12. Bc2 O-O 13. e4 cxd4 14. Nxd4
Rac8 15. g3 Rfd8 16. Be3 Bc5 17. b4 Bxd4 18. Bxd4 Qc6 19. f4 Qc4 20. Qxc4
Rxc4 21. Bb3 Rcc8 22. e5 Ne4 23. Nxe4 Bxe4 24. Rac1 Kf8 25. Be3 Ke7 26. Kf2
Rc6 27. Rxc6 Bxc6 28. Rc1 Rc8 29. Bd1 Kd8 30. Bb3 Kc7 31. f5 Re8 32. Bf4
Nb6 33. g4 Kb7 34. Bg3 Nd5 35. Bd1 Nb6 36. Bb3 Nd5 37. Bc2 g6 38. Bd3 Nb6
39. h4 Nd7 40. Re1 Nb6 41. Rc1 Rd8 42. Ke3 1/2-1/2

[Event "WYg16"]
[Site "Heraklio GRE"]
[Date "2002.11.16"]
[Round "2"]
[White "Paridar,S"]
[Black "Batsiashvili,N"]
[Result "1-0"]
[WhiteElo "2132"]
[BlackElo "2236"]
[EventDate "2002.11.15"]

1. e4 c5 2. c3 d5 3. exd5 Qxd5 4. d4 Nf6 5. Nf3 e6 6. Bd3 Nc6 7. O-O cxd4
8. cxd4 Be7 9. Nc3 Qd6 10. Be3 O-O 11. Rc1 a6 12. Na4 Nb4 13. Bb1 Bd7 14.
Ne5 Bb5 15. Re1 Rfc8 16. Nc3 Be8 17. Qf3 Nbd5 18. Ne4 Nxe4 19. Qxe4 g6 20.
Bh6 Rxc1 21. Rxc1 Nf6 22. Qxb7 Rb8 23. Qa7 Rxb2 24. Nc4 Qb8 25. Qxe7 Rxb1
26. Qf8+ 1-0

[Event "WYg16"]
[Site "Heraklio GRE"]
[Date "2002.11.16"]
[Round "2"]
[White "Worek,J"]
[Black "Ortiz,N"]
[Result "1-0"]
[WhiteElo "2230"]
[BlackElo "2115"]
[EventDate "2002.11.15"]

1. d4 Nf6 2. c4 g6 3. Nc3 Bg7 4. Nf3 d6 5. Bg5 O-O 6. e3 Nbd7 7. Be2 c6 8.
Qc2 e5 9. Rd1 Qa5 10. O-O Re8 11. dxe5 dxe5 12. Nd2 e4 13. Bf4 Qf5 14. b4
Qe6 15. Bg3 Nb6 16. Nb3 h6 17. b5 Bf8 18. Nd4 Qe7 19. bxc6 bxc6 20. Nxc6
Qc5 21. Nd4 Nxc4 22. Na4 Na3 23. Qxc5 1-0

[Event "WYg16"]
[Site "Heraklio GRE"]
[Date "2002.11.16"]
[Round "2"]
[White "Chistiakova,T"]
[Black "Gilbert,Je"]
[Result "1-0"]
[WhiteElo "2223"]
[BlackElo "2113"]
[EventDate "2002.11.15"]

1. Nf3 Nf6 2. c4 g6 3. g3 Bg7 4. Bg2 d6 5. d4 O-O 6. O-O Nc6 7. d5 Na5 8.
Nfd2 c6 9. Nc3 cxd5 10. cxd5 b6 11. b4 Nb7 12. Bb2 a5 13. a3 Bd7 14. Nb3
Ng4 15. Nd4 Ne5 16. Nc6 Qe8 17. Nb5 Rc8 18. Nba7 Ra8 19. Bd4 Nxc6 20. Nxc6
e5 21. Bxb6 Ra6 22. bxa5 e4 23. Rc1 Bb2 24. Rc4 f5 25. Qb3 Bg7 26. Qb5 Qa8
1-0

[Event "WYg16"]
[Site "Heraklio GRE"]
[Date "2002.11.16"]
[Round "2"]
[White "Tashimova,N"]
[Black "Holusova,T"]
[Result "0-1"]
[WhiteElo "2196"]
[BlackElo "2106"]
[EventDate "2002.11.15"]

1. e4 e6 2. d4 d5 3. e5 c5 4. c3 Nc6 5. Nf3 Bd7 6. a3 c4 7. g3 Qc7 8. Bg2
Na5 9. Nbd2 f6 10. O-O Nh6 11. exf6 gxf6 12. Nh4 O-O-O 13. Rb1 Nf7 14. Qf3
Be7 15. b4 Nc6 16. Qe2 Rhg8 17. f4 Rde8 18. Qh5 Rg7 19. f5 Reg8 20. fxe6
Bxe6 21. Bxd5 Bg4 22. Be6+ Bxe6 23. Ne4 Rg4 24. Nf2 Rxg3+ 25. Kh1 Ng5 26.
Ng2 Rxg2 0-1

[Event "WYg16"]
[Site "Heraklio GRE"]
[Date "2002.11.16"]
[Round "2"]
[White "Solic,K"]
[Black "Tania,S"]
[Result "1/2-1/2"]
[WhiteElo "2117"]
[BlackElo "2189"]
[EventDate "2002.11.15"]

1. e4 c5 2. Nc3 Nc6 3. g3 g6 4. Bg2 Bg7 5. d3 d6 6. Be3 Rb8 7. a4 a6 8.
Nge2 Nd4 9. Nc1 b5 10. axb5 axb5 11. Bxd4 cxd4 12. N3e2 e6 13. O-O Ne7 14.
Qd2 O-O 15. c3 dxc3 16. bxc3 b4 17. d4 bxc3 18. Nxc3 Rb4 19. N1e2 Qb6 20.
Rab1 Qb8 21. Rxb4 Qxb4 22. Rb1 Qc4 23. Rb6 Rd8 24. Nb5 Ba6 25. Rxa6 Qxb5
26. Ra1 1/2-1/2

[Event "WYg16"]
[Site "Heraklio GRE"]
[Date "2002.11.16"]
[Round "2"]
[White "Karavade,E"]
[Black "Khaziyeva,D"]
[Result "1/2-1/2"]
[WhiteElo "2171"]
[BlackElo "2102"]
[EventDate "2002.11.15"]

1. Nf3 Nf6 2. g3 g6 3. Bg2 Bg7 4. O-O O-O 5. c4 c5 6. Nc3 Nc6 7. d4 cxd4 8.
Nxd4 Qb6 9. Nb3 d6 10. Be3 Qd8 11. Rc1 Be6 12. Nd5 Ng4 13. Bd4 Nxd4 14.
Nxd4 Bxd5 15. Bxd5 Qb6 16. e3 Ne5 17. b3 Nc6 18. Nc2 a5 19. h4 Nb4 20. Nxb4
axb4 21. Rc2 e6 1/2-1/2

[Event "WYg16"]
[Site "Heraklio GRE"]
[Date "2002.11.16"]
[Round "2"]
[White "Mijovic,A"]
[Black "Burtasova,A"]
[Result "1-0"]
[WhiteElo "2104"]
[BlackElo "2159"]
[EventDate "2002.11.15"]

1. e4 c5 2. Nf3 e6 3. d4 cxd4 4. Nxd4 a6 5. Nc3 b5 6. a3 Bb7 7. Be2 Qc7 8.
O-O Nf6 9. Qd3 Nc6 10. Nxc6 Bxc6 11. f4 d5 12. Bf3 dxe4 13. Nxe4 Nd5 14. f5
e5 15. Nc3 Bc5+ 16. Kh1 Nf6 17. Be3 Rd8 18. Bxc6+ Qxc6 19. Qe2 O-O 20. Bg5
Bd4 21. Bxf6 Qxf6 22. Ne4 Qh6 23. c3 Bb6 24. f6 g6 25. Rf3 Qh5 26. Raf1 Rd7
27. a4 Qg4 28. axb5 axb5 29. Qxb5 Rfd8 30. Qxb6 Qxe4 31. Re3 Qc4 32. Ree1
Rd2 33. Qe3 Qg4 34. Rf2 Rd1 35. h3 Qh4 36. Rfe2 Qxf6 37. Qxe5 Rxe1+ 38.
Rxe1 Qf2 39. Qe2 Qf4 40. b4 h5 41. Qe3 Qc4 42. Qe5 Rd3 43. Re3 Rd1+ 44. Kh2
Qf1 45. Qe8+ Kh7 46. Rf3 Qg1+ 47. Kg3 f5 48. Qe7+ Kg8 49. Qe3 f4+ 50. Qxf4
Qe1+ 51. Rf2 Qxc3+ 52. Kh2 Rd7 53. Qf8+ Kh7 54. Rf7+ Rxf7 55. Qxf7+ Kh6 56.
Qf8+ Kh7 57. Qc5 Qd2 58. Qc7+ Kh6 59. b5 g5 60. b6 g4 61. hxg4 hxg4 62. b7
Kg6 63. b8=Q Qh6+ 64. Kg1 Qe3+ 65. Kf1 1-0

[Event "WYg16"]
[Site "Heraklio GRE"]
[Date "2002.11.17"]
[Round "3"]
[White "Zawadzka,J"]
[Black "Morales Mendoza,L"]
[Result "1/2-1/2"]
[WhiteElo "2310"]
[BlackElo "2147"]
[EventDate "2002.11.15"]

1. e4 e6 2. d4 d5 3. Nc3 Nf6 4. e5 Nfd7 5. f4 c5 6. Nf3 Nc6 7. Be3 a6 8.
Qd2 b5 9. dxc5 Bxc5 10. Bxc5 Nxc5 11. Qf2 Qb6 12. Bd3 b4 13. Ne2 a5 14. O-O
Ba6 15. Rad1 Bxd3 16. cxd3 Na4 17. Ned4 Nxd4 18. Nxd4 O-O 19. Kh1 f6 20. f5
exf5 21. e6 Rfe8 22. Rde1 Rac8 23. h3 g6 24. g4 Nc5 25. Qe3 Qa6 26. Rf3 f4
27. Qxf4 Nxd3 28. Qxf6 Nxe1 29. Nf5 gxf5 30. Rxf5 Nf3 31. Qf7+ Kh8 32. Qf6+
Kg8 33. Qf7+ Kh8 1/2-1/2

[Event "WYg16"]
[Site "Heraklio GRE"]
[Date "2002.11.17"]
[Round "3"]
[White "Hoang Thi Bao Tram"]
[Black "Dzagnidze,N"]
[Result "1/2-1/2"]
[WhiteElo "2150"]
[BlackElo "2309"]
[EventDate "2002.11.15"]

1. e4 c5 2. Nc3 d6 3. g3 Nc6 4. Bg2 g6 5. d3 Bg7 6. Nge2 e6 7. Be3 Nd4 8.
O-O Ne7 9. Rb1 Nec6 10. a3 a5 11. Qd2 O-O 12. Nc1 Ne5 13. f3 f5 14. Bg5 Qb6
15. f4 Nf7 16. Bh4 Bd7 17. h3 g5 18. fxg5 Ne5 19. N1e2 fxe4 20. Nxd4 e3 21.
Qe2 cxd4 22. Ne4 Ng6 23. Nf6+ Bxf6 24. gxf6 Rf7 25. Bg5 Bc6 26. Bh6 Bxg2
27. Kxg2 Rc8 28. Kh2 Qc5 29. Rbc1 Qe5 30. Bg7 Ne7 31. Qg4 Nf5 32. Bh6+ Kh8
33. Bf4 Qxf6 34. Bxd6 e5 35. Rxf5 Qxf5 36. Bxe5+ Qxe5 37. Qxc8+ Kg7 38.
Qg4+ Kh6 39. Qh4+ Kg6 40. Qg4+ Kh6 41. Qh4+ Qh5 42. Qxh5+ Kxh5 43. c3 Rf2+
44. Kg1 Rxb2 45. cxd4 Rd2 46. Rc5+ Kg6 47. Kf1 a4 48. Ra5 b5 49. Rxb5 Rxd3
50. Ke2 Rxa3 51. Ra5 Kf6 52. g4 Ra2+ 53. Kxe3 Rh2 54. Rxa4 Rxh3+ 55. Kf4
Rd3 56. Ra6+ Kf7 57. Rd6 Rd1 58. Kf5 Rf1+ 59. Kg5 Rd1 60. Rd7+ Ke8 61. Rd5
Kf7 62. Kh6 Rh1+ 63. Rh5 Rg1 64. Rf5+ Kg8 65. Kg5 Rd1 66. d5 Kg7 67. Kf4
Rd4+ 68. Ke5 Rxg4 69. d6 Ra4 70. d7 Ra8 71. Ke6 Kg6 72. Rd5 1/2-1/2

[Event "WYg16"]
[Site "Heraklio GRE"]
[Date "2002.11.17"]
[Round "3"]
[White "Worek,J"]
[Black "Paridar,S"]
[Result "1-0"]
[WhiteElo "2230"]
[BlackElo "2132"]
[EventDate "2002.11.15"]

1. d4 d5 2. c4 e6 3. Nc3 Be7 4. Nf3 Nf6 5. Bg5 O-O 6. e3 Nbd7 7. Qc2 c6 8.
cxd5 exd5 9. Bd3 Re8 10. O-O Nf8 11. Rab1 Ne4 12. Bxe7 Qxe7 13. b4 a6 14.
a4 Ng6 15. Nd2 Nxd2 16. Qxd2 Nh4 17. Qc2 Bh3 18. g3 Nf3+ 19. Kh1 Bxf1 20.
Rxf1 Ng5 21. b5 axb5 22. axb5 h6 23. h4 Ne6 24. Rb1 Ra5 25. Qd2 Rea8 26.
Bc2 Ra1 27. Kg2 Rxb1 28. Bxb1 Qb4 29. bxc6 bxc6 30. Qc2 Ra3 31. Ne2 Ra1 32.
Nc3 Ra3 33. Ne2 Rb3 34. Qh7+ Kf8 35. Bf5 Qd6 36. g4 Rb2 37. Ng3 Ke8 38.
Bxe6 Qxe6 39. Qxg7 Qxe3 40. Qg8+ Kd7 41. Qxf7+ Kc8 42. Qf6 Kb7 43. g5 hxg5
44. hxg5 Rxf2+ 45. Qxf2 Qxg5 46. Qf3 Qd2+ 47. Ne2 Kb6 48. Kf2 c5 49. Qb3+
Qb4 50. Qxb4+ cxb4 51. Ke3 Kb5 52. Kd3 Ka4 53. Nf4 1-0

[Event "WYg16"]
[Site "Heraklio GRE"]
[Date "2002.11.17"]
[Round "3"]
[White "Holusova,T"]
[Black "Chistiakova,T"]
[Result "0-1"]
[WhiteElo "2106"]
[BlackElo "2223"]
[EventDate "2002.11.15"]

1. e4 c5 2. Nf3 d6 3. d4 cxd4 4. Nxd4 Nf6 5. Nc3 Nc6 6. Be2 e6 7. Be3 Be7
8. Qd2 O-O 9. f4 Bd7 10. O-O-O Rb8 11. Ndb5 Ne8 12. g4 a6 13. Nd4 b5 14. g5
b4 15. Nb1 Qa5 16. Bc4 Nxd4 17. Bxd4 Nc7 18. Rhg1 Nb5 19. Bf6 Bd8 20. Qg2
Bb6 21. Rge1 Rfc8 22. Bb3 Kh8 23. Be7 Nd4 24. Bxd6 Ba4 25. Bxa4 Qxa4 26.
Rxd4 Bxd4 27. Bxb8 Qxa2 28. Kd2 Qxb2 29. Kd3 b3 30. Re2 Qxb1 31. Bd6 bxc2
32. Rxc2 Qb3+ 33. Kxd4 Rxc2 34. Qf1 Qc3+ 0-1

[Event "WYg16"]
[Site "Heraklio GRE"]
[Date "2002.11.17"]
[Round "3"]
[White "Mijovic,A"]
[Black "Papadopoulou,V"]
[Result "0-1"]
[WhiteElo "2104"]
[BlackElo "2165"]
[EventDate "2002.11.15"]

1. e4 c5 2. Nf3 d6 3. d4 cxd4 4. Nxd4 Nf6 5. Nc3 a6 6. Be3 e5 7. Nb3 Be6 8.
f3 Nbd7 9. g4 h6 10. Qd2 b5 11. O-O-O Rc8 12. h4 Nb6 13. Qf2 Nfd7 14. Kb1
Rxc3 15. bxc3 Na4 16. Bd2 Qc7 17. Qe3 Ndb6 18. Na5 d5 19. f4 Bxg4 20. Re1
Nc4 21. Nxc4 bxc4 22. Ka1 Ba3 23. Bc1 d4 24. cxd4 Bb4 25. Bd2 exf4 26. Qf2
Qa5 27. c3 Bxc3+ 28. Bxc3 Qxc3+ 29. Kb1 O-O 30. Bxc4 Qxc4 31. Rc1 Qd3+ 32.
Qc2 Rb8+ 33. Ka1 Qxd4+ 0-1

[Event "WYg16"]
[Site "Heraklio GRE"]
[Date "2002.11.17"]
[Round "3"]
[White "Ismailova,A"]
[Black "Melia,S"]
[Result "1/2-1/2"]
[WhiteElo "2133"]
[BlackElo "2264"]
[EventDate "2002.11.15"]

1. e4 c6 2. d4 d5 3. e5 c5 4. dxc5 e6 5. Be3 Nh6 6. c3 Nf5 7. Bd4 Bd7 8.
Nf3 Nc6 9. Nbd2 Nfxd4 10. cxd4 b6 11. cxb6 Qxb6 12. Bd3 Nxd4 13. Nxd4 Qxd4
14. Qe2 Bb4 15. O-O-O O-O 16. Nf3 Qf4+ 17. Kb1 Be7 18. g3 Qb4 19. g4 Rab8
20. g5 Bb5 21. Rhg1 Bxd3+ 22. Rxd3 Qe4 23. Nd4 Bc5 24. Qxe4 dxe4 25. Rd2
Rbd8 26. Rgd1 Rd5 27. Nc6 Rc8 28. Rxd5 exd5 29. Rc1 Rxc6 30. b4 Rb6 31.
Rxc5 Rxb4+ 32. Kc2 g6 33. Rxd5 e3 34. fxe3 Rh4 35. e6 fxe6 36. Rd8+ Kf7 37.
Rd7+ Ke8 38. Rxa7 Rxh2+ 39. Kd3 Rh5 40. Ra6 h6 41. Ra8+ Ke7 42. gxh6 Rxh6
43. a4 Rh1 44. a5 Ra1 45. Ke4 Kf6 46. a6 Ra4+ 47. Kf3 Ke5 1/2-1/2

[Event "WYg16"]
[Site "Heraklio GRE"]
[Date "2002.11.17"]
[Round "3"]
[White "Khaziyeva,D"]
[Black "Fominykh,M"]
[Result "1/2-1/2"]
[WhiteElo "2102"]
[BlackElo "2240"]
[EventDate "2002.11.15"]

1. b3 d6 2. Bb2 e5 3. e3 Nf6 4. Nf3 Nbd7 5. Be2 c6 6. d4 Qc7 7. c4 Be7 8.
Nc3 O-O 9. O-O Re8 10. e4 Bf8 11. d5 Nc5 12. Qc2 a5 13. a3 Qb6 14. Nd2 Bd7
15. Rfb1 g6 16. b4 Na6 17. c5 dxc5 18. dxc6 bxc6 19. Nc4 Qc7 20. bxa5 Ra7
21. Rd1 Bc8 22. f3 Nb8 23. Na4 Ba6 24. Bc3 Nh5 25. g3 Ng7 26. Nab6 f6 27.
Nb2 Ne6 28. Bxa6 Rxa6 29. Qb3 Qf7 30. Kf2 Nd4 31. Qxf7+ Kxf7 32. N2c4 Ke6
33. Rab1 Ra7 34. Rd2 Na6 35. Rdb2 Nc7 36. Be1 Ncb5 37. Na4 Rd8 38. Nc3 Nxc3
39. Bxc3 Nb5 40. Be1 Rd4 41. Rc1 Bh6 42. Rcc2 Rd1 43. a4 Nd4 44. Rc3 Ra1
45. Ra3 Rxa3 46. Nxa3 Bc1 47. Ra2 Bxa3 48. Rxa3 Nc2 49. Rc3 Nxe1 50. Kxe1
Rxa5 51. Rc4 Kd6 52. Kd2 Kc7 53. Kc3 Kb6 54. Kb3 Ra7 55. Kc2 Rd7 56. Rc3
Rd4 57. a5+ Kb5 58. Ra3 Rd7 59. Kc3 Ra7 60. Rb3+ Kxa5 1/2-1/2